00274nam a22000977a 4500082002700000245003500027260005200062300001700114526003700131650000800168 a942.082bBRIc31, P-45 aBritainbA Reference Handbook  aLondon:bCentral Office of Information, c1952. avii, 295 p.: a0b0c0d942_082000000000000_BRI aMCE